02205cam a2200313 a 45000010009000000050017000090080041000260100017000670200018000840400018001020430012001200500022001320820026001542450105001802600077002853000027003624900037003895040051004265050878004776500076013556500072014316500057015037000035015607000031015958560082016269420012017089990017017209520154017371458433520071120092642.0061005s2007 enk |rb 001 0 eng  a 2006032260 a9780754637059 aDLCcDLCdDLC ae-uk---00aJS3025b.C67 200700a364.13230941222bCOR00aCorruption in Urban Politics and Society, Britain 1780-1950 /cEdited by James Moore and John Smith. aAldershot, Hampshire, England ;aBurlington, VT :bAshgate, 2007cc2007. aviii, 181 p. ;c24 cm.0 aHistorical Urban Studies 914421 aIncludes bibliographical references and index.0 aCorruption and urban governance -- Locating corruption: language and the respectable -- Corruption: a tentative overview / John Garrard -- Corrupt and corporate bodies: attitudes to corruption in eighteenth-century and early nineteenth-century towns / Rosemary Sweet -- Getting away with it?: corruption, scandal and the respectable 1830-1945 / Sarah Wilson -- Managing corruption: attitudes and ethics -- Corruption and scandal in the port of Liverpool / Adrian Jarvis -- Municipal corruption and political partisanship in Manchester / James Moore -- "Certified correct" : the great Wolverhampton Council fraud / John Smith -- "The dramas of local government: public service and personal ethics -- In Winifred Holtby's South Riding" / Clare Griffiths -- "Rotten boroughs: the crisis of urban policing and the decline in municipal independence, 1914-1964" / Chris Williams. 0aMunicipal governmentxCorrupt practiceszGreat BritainxHistory.914415 0aLocal governmentxCorrupt practiceszGreat BritainxHistory.914416 0aPolitical corruptionzGreat BritainxHistory.9144171 aMoore, James R.,d1972-9144181 aSmith, John,d1973-914419413Table of contents onlyuhttp://www.loc.gov/catdir/toc/ecip072/2006032260.html 2ddccBB c14030d14030 00102ddc40708BaccahaMAINbMAINc1STd2010-05-30epurchaseg650.00h10315l3m3o364.13230941 CORp000020878r2025-07-15 00:00:00s2012-12-05yBB